| 000 | 00510cam a22001697a 4500 | ||
|---|---|---|---|
| 008 | 180718b2004 xxu||||| |||| 00| 0 eng d | ||
| 020 | _a8126120843 | ||
| 082 | _aBA27055x54 R137 | ||
| 245 |
_aEncyclopaedia of Dalits in India _cedited by Sanjay Paswan |
||
| 260 |
_aNew Delhi _bAnmol _c2004 |
||
| 300 | _a407p. | ||
| 500 | _aContents: v.4. Leaders | ||
| 650 | _aScheduled castes and scheduled tribes -India | ||
| 650 | _aBackward classes -India | ||
| 650 | _aDalits --India | ||
| 700 | _aPaswan, Sanjay, ed. | ||
| 999 |
_c502313 _d502313 |
||